Основы финансового менеджмента (Запис № 313274)

МАРК-запис
000 -Лідер
fixed length control field 00698nam a22002537a 4500
001 - Контрольний номер
control field 26937
003 - Ідентифікатор контрольного номера
control field UA-OsUOA
005 - Дата та час останнього входження (трансакції)
control field 20200322170747.0
007 - Фіксоване поле фізичного опису
fixed length control field ta
008 - Елементи даних фіксованої довжини – загальна інформація
fixed length control field 20040611b un ||||| |||| 00| 0 ukr d
020 ## - Міжнародний стандартний книжковий номер (ISBN)
Міжнародний стандартний книжковий номер (ISBN) (НП) 5279017566
040 ## - Джерело каталогізації
Агенція оригінальної каталогізації UA-OsUOA
Мова каталогізації rus
Агенція, яка здійснювала перезапис UA-OsUOA
Агенція, яка здійснювала модифікацію UA-OsUOA
041 ## - Код мови
Код мови тексту/ звукової доріжки чи окремого заголовка (П) rus
044 ## - Код країни видавця/ виробника
Код країни видавця/ виробника (П) RU
080 ## - Індекс Універсальної десяткової класифікації
Індекс Універсальної десяткової класифікації (УДК) (НП) 658:336(075.8)
090 ## - Локальний шифр розміщення
Класифікаційний індекс УДК 658:336(075.8)
Авторський знак (НП) Б20
100 ## - Основне введення – ім’я особи
Ім’я особи (НП) Балабанов И. Т.
245 ## - Відомості про назву
Назва (НП) Основы финансового менеджмента
Решта назви (НП) учеб. пособ.
260 ## - Публікація, розповсюдження і т.п. (Вихідні дані)
Місце публікації, розповсюдження і т.п. (П) Москва
Ім’я/ наймення видавництва, розповсюджувача і т.п. (П) Финансы и статистика
Дата публікації, розповсюдження і т.п. (П) 1997
300 ## - Фізичний опис
Обсяг 480 с.
Інші фізичні характеристики (НП) Ілюстрації
650 #7 - Додаткове предметне введення – тематичний термін
Джерело заголовка чи терміна UDC
942 ## - Додаткові елементи входу (Коха)
Тип елемента Koha Книги
Source of classification or shelving scheme Universal Decimal Classification
955 ## - Код типу видання за змістом
Код типу видання за змістом (НП) інше
Фонди
Стан вилучень Стан втрат Джерело класифікації або схеми стелажів Стан уражень Не для кредиту Постійне місце розташування Поточне розміщення Дата придбання Вартість, звичайна ціна покупки Інвентарний номер Усього замовленно Повний номер виклику Штрих-код Дата останнього перегляду Ціна ефективна від Тип елемента Koha
    Universal Decimal Classification     ЧЗ - Читальна зала ЧЗ - Читальна зала 11/06/2004 4.00 69861   658:336(075.8) Б20 69861 06/02/2022 11/06/2004 Книги
    Universal Decimal Classification     ЧЗ - Читальна зала ЧЗ - Читальна зала 11/06/2004 3.00 69862   658:336(075.8) Б20 69862 07/02/2022 11/06/2004 Книги
    Universal Decimal Classification     ЧЗ - Читальна зала ЧЗ - Читальна зала 11/06/2004 23.80 69864   658:336(075.8) Б20 69864 07/02/2022 11/06/2004 Книги